000 00275nam a2200121Ia 4500
008 190216s9999||||xx |||||||||||||| ||und||
100 _aSundaram K P M
245 0 _aIndian Economy
260 _bRchand And Company
_c1967
300 _a428p
650 _aEconomics
942 _cBK
999 _c9165
_d9165